[Event "Uljanovsk Sidorov Memorial"]
[Site "Uljanovsk"]
[Date "2014.07.17"]
[Round "3"]
[White "Kolosov, Anatoly G"]
[Black "Bataev, Victor"]
[Result "1-0"]
[WhiteElo "1883"]
[BlackElo "1736"]
[PlyCount "185"]
[EventDate "2014.07.16"]
[EventType "swiss"]
[EventRounds "9"]
[EventCountry "RUS"]
[SourceTitle "CBM 161 Extra"]
[Source "ChessBase"]
[SourceDate "2014.08.29"]
[SourceVersion "1"]
[SourceVersionDate "2014.08.29"]
[SourceQuality "1"]

1. e4 e6 2. Qe2 c5 3. g3 Nc6 4. c3 Qc7 5. Bg2 Nf6 6. d3 h6 7. Nf3 d6 8. 0-0 g5 9. Nbd2 Bg7 10. Re1 e5 11. Nf1 0-0 12. Ne3 Ne7 13. h3 Bd7 14. g4 Ng6 15. Nf5 Rae8 16. h4 Nf4 17. Bxf4 gxf4 18. Bh3 Nh7 19. Kh2 Kh8 20. Rg1 Bxf5 21. gxf5 Bf6 22. Bg4 Rg8 23. Kh3 Rg7 24. Bh5 Reg8 25. Rxg7 Rxg7 26. Rg1 Qe7 27. Rxg7 Bxg7 28. Bg4 Nf6 29. h5 Nh7 30. Qd2 Bf6 31. d4 exd4 32. Qxf4 dxc3 33. bxc3 Bxc3 34. Qxh6 Bf6 35. Qe3 Ng5+ 36. Nxg5 Bxg5 37. f4 Bf6 38. Kg3 b5 39. Kf3 a5 40. Qb3 Qb7 41. a4 b4 42. Bh3 Kg7 43. Bf1 Bd4 44. Bc4 Qe7 45. Qc2 Qh4 46. Qg2+ Kf8 47. Qg5 Qh1+ 48. Qg2 Qxh5+ 49. Qg4 Qh1+ 50. Qg2 Qd1+ 51. Qe2 Qxa4 52. e5 Qa3+ 53. Kg4 dxe5 54. Qh2 e4 55. Qh6+ Kg8 56. Qg6+ Kh8 57. Qh6+ Kg8 58. f6 Qf3+ 59. Kf5 Qg3 60. Bxf7+ Kxf7 61. Qh7+ Kf8 62. Qe7+ Kg8 63. f7+ Kh7 64. f8Q+ Bg7 65. Qff7 Qh3+ 66. Kxe4 Qg2+ 67. Kd3 Qf1+ 68. Qe2 Qh3+ 69. Kc4 a4 70. Qeh5+ Qxh5 71. Qxh5+ Kg8 72. Qxc5 Bc3 73. Qb5 a3 74. Kb3 Kf7 75. f5 Kf6 76. Qd5 Kg5 77. Kc2 a2 78. Qxa2 Kxf5 79. Kd3 Ke5 80. Qe2+ Kd5 81. Qe4+ Kc5 82. Qc4+ Kd6 83. Ke4 Ke7 84. Qc7+ Ke6 85. Qc6+ Ke7 86. Kd5 Kf7 87. Qe6+ Kg7 88. Ke4 Kh7 89. Kf5 Kg7 90. Qg6+ Kh8 91. Ke6 b3 92. Kf7 b2 93. Qg8# 1-0

[Event "Uljanovsk Sidorov Memorial"]
[Site "Uljanovsk"]
[Date "2014.07.17"]
[Round "4"]
[White "Kolosov, Anatoly G"]
[Black "Gabunov, Fail"]
[Result "1-0"]
[WhiteElo "1883"]
[BlackElo "1793"]
[PlyCount "133"]
[EventDate "2014.07.16"]
[EventType "swiss"]
[EventRounds "9"]
[EventCountry "RUS"]
[SourceTitle "CBM 161 Extra"]
[Source "ChessBase"]
[SourceDate "2014.08.29"]
[SourceVersion "1"]
[SourceVersionDate "2014.08.29"]
[SourceQuality "1"]

1. e4 e5 2. Nf3 Nc6 3. Bb5 d6 4. 0-0 Bg4 5. c3 Nf6 6. Re1 Be7 7. d4 a6 8. Bxc6+ bxc6 9. dxe5 dxe5 10. Qxd8+ Rxd8 11. Nxe5 Rd6 12. Bf4 Nh5 13. Be3 Nf6 14. f3 Bd7 15. Nd2 0-0 16. Rad1 Rd8 17. Ndc4 Rxd1 18. Rxd1 Be8 19. Rxd8 Bxd8 20. Na5 c5 21. Bxc5 Nd7 22. Nxd7 Bxd7 23. b4 Bf6 24. Bd4 Bg5 25. Kf2 Be6 26. Nb3 Bc4 27. g3 h5 28. f4 Bd8 29. Ke3 g5 30. Bc5 g4 31. Kd4 Bb5 32. c4 Bd7 33. Nd2 h4 34. e5 Bc6 35. Ne4 h3 36. f5 Kg7 37. f6+ Kg6 38. Be7 Bxe7 39. fxe7 f5 40. Nf6 f4 41. Nxg4 fxg3 42. hxg3 Kf5 43. Nh2 Ke6 44. a4 Bxa4 45. b5 Kxe7 46. bxa6 Bc6 47. Ke3 Ke6 48. Kf4 Ke7 49. a7 Kd8 50. Kg4 Kc8 51. Kxh3 Kb7 52. g4 Bd7 53. Nf3 Be6 54. c5 Kxa7 55. Nd4 Bf7 56. e6 Bg8 57. Kg3 c6 58. Nxc6+ Ka6 59. Ne5 Bxe6 60. g5 Kb5 61. c6 Kc5 62. Kf4 Kd6 63. g6 Ke7 64. Kg5 Kd6 65. Kf6 Bd5 66. Nf7+ Bxf7 67. gxf7 1-0

[Event "Uljanovsk Student op"]
[Site "Uljanovsk"]
[Date "2014.03.30"]
[Round "6"]
[White "Peruhin, Anatoliy"]
[Black "Kolosov, Anatoly G"]
[Result "1-0"]
[WhiteElo "1616"]
[BlackElo "1902"]
[PlyCount "131"]
[EventDate "2014.03.22"]
[EventType "swiss"]
[EventRounds "9"]
[EventCountry "RUS"]
[SourceTitle "EXT 2016"]
[Source "ChessBase"]
[SourceDate "2015.10.08"]
[SourceVersion "1"]
[SourceVersionDate "2015.10.08"]
[SourceQuality "1"]

1. Nf3 d5 2. d4 Nf6 3. e3 e6 4. Bd3 Be7 5. b3 Nbd7 6. Nbd2 c5 7. Bb2 a6 8. a4 b6 9. Ne5 Bb7 10. 0-0 0-0 11. Ndf3 Nxe5 12. Nxe5 Nd7 13. f4 f5 14. Qh5 Nf6 15. Qe2 Ne4 16. Bxe4 fxe4 17. Qg4 Qc8 18. Rf2 Bf6 19. dxc5 bxc5 20. Rd1 Bxe5 21. Bxe5 Qd7 22. Rfd2 Qf7 23. h4 g6 24. Qh3 h5 25. g4 hxg4 26. Qxg4 Qf5 27. Qg3 Bc6 28. Rg2 Kf7 29. Rdd2 Qh5 30. Qh3 Ke7 31. Rg5 Qh7 32. Qg4 Be8 33. Rh2 Bf7 34. Qg3 Rg8 35. Qe1 Rgc8 36. Qa5 Rc6 37. Qc3 Rac8 38. Bf6+ Kd7 39. Qd2 Kc7 40. Be5+ Kb7 41. a5 Qh6 42. c3 Qf8 43. c4 Ka8 44. Qc3 Qe7 45. Rgg2 Qd7 46. Rd2 Qb7 47. Ra2 Qb4 48. Rhc2 Rd8 49. Qxb4 cxb4 50. Ra4 dxc4 51. Rxb4 Rdc8 52. bxc4 Rc5 53. Rcb2 Rxc4 54. Rb8+ Rxb8 55. Rxb8+ Ka7 56. Rf8 g5 57. Rxf7+ Ka8 58. fxg5 Rc1+ 59. Kg2 Rg1+ 60. Kf2 Rg2+ 61. Ke1 Re2+ 62. Kd1 Rd2+ 63. Kc1 Rc2+ 64. Kb1 Rc1+ 65. Ka2 Rc5 66. Ra7+ 1-0

[Event "Uljanovsk Student op"]
[Site "Uljanovsk"]
[Date "2014.03.23"]
[Round "3"]
[White "Kolosov, Anatoly G"]
[Black "Tsai, Roman"]
[Result "1/2-1/2"]
[WhiteElo "1902"]
[BlackElo "1832"]
[PlyCount "69"]
[EventDate "2014.03.22"]
[EventType "swiss"]
[EventRounds "9"]
[EventCountry "RUS"]
[SourceTitle "EXT 2016"]
[Source "ChessBase"]
[SourceDate "2015.10.08"]
[SourceVersion "1"]
[SourceVersionDate "2015.10.08"]
[SourceQuality "1"]

1. e4 c5 2. Nf3 Nc6 3. d4 cxd4 4. Nxd4 g6 5. Nc3 Bg7 6. Be3 Nf6 7. Be2 0-0 8. 0-0 d5 9. exd5 Nxd5 10. Nxd5 Qxd5 11. Bf3 Qd6 12. Nxc6 bxc6 13. Qxd6 exd6 14. Bxc6 Rb8 15. Rab1 Bf5 16. Ba4 Rfc8 17. Bb3 Bxc2 18. Bxc2 Rxc2 19. Bxa7 Ra8 20. Be3 Bxb2 21. Rfd1 Be5 22. f4 Bc3 23. Rbc1 Raxa2 24. Rxc2 Rxc2 25. Rxd6 Re2 26. Rd8+ Kg7 27. Bc5 h5 28. Kf1 Re4 29. g3 h4 30. Kf2 hxg3+ 31. hxg3 Ba5 32. Ra8 Bb4 33. Kf3 Rc4 34. Bxb4 Rxb4 35. Ra3 1/2-1/2

[Event "Uljanovsk Volga op"]
[Site "Uljanovsk"]
[Date "2014.01.05"]
[Round "5"]
[White "Kharlampiev, Aleksander"]
[Black "Kolosov, Anatoly G"]
[Result "0-1"]
[WhiteElo "1748"]
[BlackElo "1918"]
[PlyCount "62"]
[EventDate "2014.01.03"]
[EventType "swiss"]
[EventRounds "9"]
[EventCountry "RUS"]
[SourceTitle "CBM 158 Extra"]
[Source "ChessBase"]
[SourceDate "2014.02.28"]
[SourceVersion "1"]
[SourceVersionDate "2014.02.28"]
[SourceQuality "1"]

1. e4 Nf6 2. Nc3 e5 3. Nf3 Nc6 4. Bc4 Bc5 5. d3 d6 6. h3 h6 7. 0-0 0-0 8. a3 a6 9. Be3 Nd4 10. Bxd4 exd4 11. Ne2 c6 12. Nfxd4 Bxd4 13. Nxd4 Qb6 14. Ne2 Qxb2 15. f4 Qb6+ 16. Kh1 d5 17. exd5 cxd5 18. Bb3 Re8 19. Ng1 Bd7 20. Rb1 Qd6 21. a4 d4 22. Qd2 Nh5 23. Rfe1 Nxf4 24. Rf1 g5 25. g3 Bc6+ 26. Kh2 Nd5 27. Qf2 Re3 28. Qxf7+ Kh8 29. Rf3 Rxf3 30. Qxf3 Rf8 31. Qe2 Nc3 0-1

[Event "Uljanovsk Povolje op"]
[Site "Uljanovsk"]
[Date "2013.08.25"]
[Round "2"]
[White "Mirzaev, Aziz"]
[Black "Kolosov, Anatoly G"]
[Result "1-0"]
[WhiteElo "2252"]
[BlackElo "1933"]
[PlyCount "129"]
[EventDate "2013.08.24"]
[EventType "swiss"]
[EventRounds "9"]
[EventCountry "RUS"]
[SourceTitle "CBM 156 Extra"]
[Source "ChessBase"]
[SourceDate "2013.10.22"]
[SourceVersion "1"]
[SourceVersionDate "2013.10.22"]
[SourceQuality "1"]

1. d4 d5 2. Nf3 Nf6 3. c4 e6 4. Nc3 c6 5. Bg5 Bb4 6. Qb3 Qa5 7. Bxf6 Bxc3+ 8. bxc3 dxc4 9. Qxc4 gxf6 10. g3 Nd7 11. Bg2 e5 12. dxe5 Nxe5 13. Qd4 Be6 14. 0-0 Rd8 15. Qe3 0-0 16. Nd4 Nc4 17. Qf4 Qe5 18. Nxe6 Qxe6 19. Rad1 Nb6 20. Be4 Qe5 21. Qh4 Rfe8 22. Qxh7+ Kf8 23. Rxd8 Rxd8 24. h4 Qxc3 25. h5 Ke7 26. h6 Qe5 27. Kg2 Nc4 28. Rh1 Nd6 29. Bg6 f5 30. Rh5 Rh8 31. Qg7 Qxg7 32. hxg7 Rg8 33. Bxf5 Rxg7 34. Bd3 b6 35. Rh8 Ke6 36. f4 b5 37. e4 c5 38. Rh6+ Kd7 39. e5 Nc4 40. a4 Na3 41. Bxb5+ Nxb5 42. axb5 Rg8 43. Rd6+ Ke7 44. Rc6 Rb8 45. Rxc5 Kd7 46. g4 Rb6 47. Kf3 a6 48. bxa6 Rxa6 49. Ke4 Ke7 50. Kf5 Kf8 51. g5 Kg7 52. Rd5 Ra7 53. Rd6 Rb7 54. g6 Ra7 55. Rf6 fxg6+ 56. Rxg6+ Kf7 57. e6+ Kf8 58. Ke5 Ra1 59. Kf6 Ra6 60. f5 Rb6 61. Rg7 Ra6 62. Rb7 Ra8 63. e7+ Ke8 64. Rb6 Rc8 65. Rd6 1-0

[Event "Uljanovsk Povolje op"]
[Site "Uljanovsk"]
[Date "2013.08.24"]
[Round "1"]
[White "Kolosov, Anatoly G"]
[Black "Stepanova, Alla"]
[Result "1-0"]
[WhiteElo "1933"]
[BlackElo "1548"]
[PlyCount "29"]
[EventDate "2013.08.24"]
[EventType "swiss"]
[EventRounds "9"]
[EventCountry "RUS"]
[SourceTitle "CBM 156 Extra"]
[Source "ChessBase"]
[SourceDate "2013.10.22"]
[SourceVersion "1"]
[SourceVersionDate "2013.10.22"]
[SourceQuality "1"]

1. e4 c5 2. Nf3 d6 3. d4 cxd4 4. Nxd4 Nf6 5. Nc3 a6 6. Be2 b5 7. Bf3 Bb7 8. e5 Bxf3 9. Qxf3 Nbd7 10. exf6 Nxf6 11. Qc6+ Nd7 12. Nd5 Rc8 13. Qxa6 e6 14. Bg5 Be7 15. Bxe7 1-0

[Event "Ulstudents-ch op"]
[Site "Russia"]
[Date "2012.04.07"]
[Round "7"]
[White "Karpeev, Alexander"]
[Black "Kolosov, Anatoly G"]
[Result "0-1"]
[WhiteElo "2018"]
[BlackElo "1930"]
[PlyCount "78"]
[EventDate "2012.03.24"]
[EventType "swiss"]
[EventRounds "9"]
[EventCountry "RUS"]
[SourceTitle "EXT 2014"]
[Source "ChessBase"]
[SourceDate "2013.11.20"]
[SourceVersion "1"]
[SourceVersionDate "2013.11.20"]
[SourceQuality "1"]

1. e4 Nf6 2. e5 Nd5 3. d4 d6 4. c4 Nb6 5. exd6 exd6 6. Bd3 Nc6 7. Ne2 Bg4 8. f3 Bh5 9. a3 Be7 10. 0-0 0-0 11. Nf4 Bg6 12. Nxg6 hxg6 13. Be3 Bf6 14. Be2 Re8 15. Bf2 Nxd4 16. Bd3 c5 17. Nc3 d5 18. cxd5 Nxd5 19. Ne4 b6 20. Nxf6+ Qxf6 21. Be4 Rad8 22. b4 Nc3 23. Bxd4 cxd4 24. Qd3 Qf4 25. Rae1 f5 26. Bc6 Re3 27. Qc4+ Kh7 28. Qf7 Qe5 29. f4 Qd6 30. Bf3 Rd7 31. Qc4 Rc7 32. Qa6 Qxf4 33. a4 Qe5 34. Ra1 d3 35. a5 Qd4 36. Kh1 d2 37. axb6 axb6 38. Qa8 Rce7 39. Qc6 Re1 0-1

[Event "Ulstudents-ch op"]
[Site "Russia"]
[Date "2012.04.01"]
[Round "5"]
[White "Saveliev, Dmitri"]
[Black "Kolosov, Anatoly G"]
[Result "1-0"]
[WhiteElo "2093"]
[BlackElo "1930"]
[PlyCount "79"]
[EventDate "2012.03.24"]
[EventType "swiss"]
[EventRounds "9"]
[EventCountry "RUS"]
[SourceTitle "EXT 2014"]
[Source "ChessBase"]
[SourceDate "2013.11.20"]
[SourceVersion "1"]
[SourceVersionDate "2013.11.20"]
[SourceQuality "1"]

1. Nf3 Nf6 2. g3 g6 3. Bg2 Bg7 4. 0-0 0-0 5. c4 c5 6. Nc3 Nc6 7. d3 d6 8. h3 h6 9. Be3 e5 10. Qd2 Kh7 11. g4 Ng8 12. g5 f5 13. gxf6 Nxf6 14. Kh2 Nh5 15. Rg1 Nf4 16. Bxf4 exf4 17. Nd5 Be6 18. Nxf4 Rxf4 19. Qxf4 Nd4 20. Qe4 Bf5 21. Qxb7 Rb8 22. Qxa7 Nxe2 23. Rge1 Bxd3 24. Rad1 Bxc4 25. Ne5 Qf8 26. Nxc4 Qf4+ 27. Kh1 Qxf2 28. Qxb8 Nf4 29. Qb7 d5 30. Ne3 Qg3 31. Qc8 Nd3 32. Rxd3 Qxe1+ 33. Nf1 d4 34. Qxc5 Qf2 35. Rd2 Qf4 36. a4 h5 37. a5 Qf6 38. b4 Qa6 39. Rxd4 Bxd4 40. Qxd4 1-0

[Event "Ulstudents-ch op"]
[Site "Russia"]
[Date "2012.03.25"]
[Round "2"]
[White "Kolosov, Anatoly G"]
[Black "Pegov, Valery"]
[Result "1-0"]
[WhiteElo "1930"]
[BlackElo "1586"]
[PlyCount "63"]
[EventDate "2012.03.24"]
[EventType "swiss"]
[EventRounds "9"]
[EventCountry "RUS"]
[SourceTitle "EXT 2014"]
[Source "ChessBase"]
[SourceDate "2013.11.20"]
[SourceVersion "1"]
[SourceVersionDate "2013.11.20"]
[SourceQuality "1"]

1. e4 d6 2. Nf3 Nf6 3. Nc3 g6 4. d4 Bg7 5. Be2 0-0 6. 0-0 Bd7 7. Bg5 a6 8. Qd2 b5 9. a3 Nc6 10. Rad1 b4 11. axb4 Nxb4 12. e5 Nfd5 13. Nxd5 Nxd5 14. c4 Nb6 15. c5 Nc8 16. Rfe1 Re8 17. Bc4 Bb5 18. Ba2 dxc5 19. Qf4 c4 20. d5 Nb6 21. d6 cxd6 22. exd6 Qb8 23. Rxe7 Rxe7 24. dxe7 Qxf4 25. Rd8+ Be8 26. Bxf4 Bf6 27. Bb8 Bxe7 28. Rxe8+ Bf8 29. Ne5 f6 30. Nxc4 Nxc4 31. Bxc4+ Kg7 32. Bd5 1-0

[Event "Uljanovsk Povolje op"]
[Site "Uljanovsk"]
[Date "2011.08.28"]
[Round "6"]
[White "Kolosov, Anatoly G"]
[Black "Peruhin, Anatoliy"]
[Result "1-0"]
[WhiteElo "1934"]
[BlackElo "1556"]
[PlyCount "59"]
[EventDate "2011.08.25"]
[EventType "swiss"]
[EventRounds "9"]
[EventCountry "RUS"]
[SourceTitle "CBM 144 Extra"]
[Source "ChessBase"]
[SourceDate "2011.10.28"]
[SourceVersion "1"]
[SourceVersionDate "2011.10.28"]
[SourceQuality "1"]

1. e4 c5 2. Nf3 Nc6 3. d4 cxd4 4. Nxd4 e6 5. Nc3 a6 6. Be2 Nf6 7. 0-0 Be7 8. Be3 d6 9. f4 Qc7 10. Bf3 Bd7 11. Qe2 0-0 12. Rad1 Nxd4 13. Bxd4 Rac8 14. Qf2 b5 15. a3 Bc6 16. e5 Ne8 17. Ne4 Bxe4 18. Bxe4 d5 19. Bd3 g6 20. c3 Ng7 21. g4 Qd8 22. f5 exf5 23. gxf5 gxf5 24. Qg2 Kh8 25. Kh1 Rg8 26. Qh3 Bc5 27. Rxf5 Qd7 28. e6 Qxe6 29. Qxh7+ Kxh7 30. Rh5# 1-0

[Event "Dimitrovgrad Petrosian Memorial op"]
[Site "Dimitrovgrad"]
[Date "2011.07.03"]
[Round "9"]
[White "Kolosov, Anatoly G"]
[Black "Prikhodko, Anton"]
[Result "0-1"]
[WhiteElo "1934"]
[BlackElo "2071"]
[PlyCount "116"]
[EventDate "2011.06.18"]
[EventType "swiss"]
[EventRounds "9"]
[EventCountry "RUS"]
[SourceTitle "EXT 2012"]
[Source "ChessBase"]
[SourceDate "2011.11.24"]
[SourceVersion "1"]
[SourceVersionDate "2011.11.24"]
[SourceQuality "1"]

1. e4 c5 2. Nf3 a6 3. d4 cxd4 4. Nxd4 Nf6 5. Nc3 e5 6. Nb3 Bb4 7. Bd3 d5 8. exd5 e4 9. Be2 Nxd5 10. Bd2 Nxc3 11. bxc3 Bd6 12. 0-0 Qc7 13. h3 Qe7 14. f4 exf3 15. Bxf3 0-0 16. Qe1 Qc7 17. Bd5 Bd7 18. c4 Nc6 19. Qh4 Rae8 20. Bf4 Ne5 21. Qg3 Be6 22. Rad1 Nxc4 23. Bxd6 Qxd6 24. Qxd6 Nxd6 25. Nc5 Bc8 26. Bb3 Rd8 27. g4 b6 28. Na4 b5 29. Nb6 Be6 30. Nd5 Nc4 31. Bxc4 bxc4 32. Nc7 Bc8 33. Nd5 Rd7 34. Nb6 Rc7 35. Nxc8 Rfxc8 36. Rd6 Rc6 37. Rd7 f6 38. Re1 R6c7 39. Re8+ Rxe8 40. Rxc7 Re3 41. Rxc4 Rxh3 42. a4 Kf7 43. Kg2 Ra3 44. c3 Kg6 45. Kf3 h5 46. Kg3 hxg4 47. Kxg4 Ra1 48. Kf4 Rh1 49. Ke3 Rh3+ 50. Kd2 Kg5 51. Rc6 a5 52. Rc5+ Kf4 53. Rxa5 g5 54. Ra8 g4 55. a5 g3 56. Rf8 g2 57. Rxf6+ Kg5 58. Rf8 Rg3 0-1

[Event "Dimitrovgrad Petrosian Memorial op"]
[Site "Dimitrovgrad"]
[Date "2011.07.02"]
[Round "7"]
[White "Rudnev, Yuri"]
[Black "Kolosov, Anatoly G"]
[Result "0-1"]
[WhiteElo "2103"]
[BlackElo "1934"]
[PlyCount "118"]
[EventDate "2011.06.18"]
[EventType "swiss"]
[EventRounds "9"]
[EventCountry "RUS"]
[SourceTitle "EXT 2012"]
[Source "ChessBase"]
[SourceDate "2011.11.24"]
[SourceVersion "1"]
[SourceVersionDate "2011.11.24"]
[SourceQuality "1"]

1. e4 e5 2. Nf3 Nc6 3. Bb5 a6 4. Ba4 d6 5. 0-0 Nf6 6. Re1 Be7 7. c3 0-0 8. h3 b5 9. Bb3 Na5 10. Bc2 c5 11. d4 Qc7 12. Nbd2 Bd7 13. Nf1 Rac8 14. d5 Nc4 15. b3 Nb6 16. Be3 c4 17. b4 Na4 18. Qd2 Nb2 19. Ng3 Nd3 20. Bxd3 cxd3 21. Rec1 Qc4 22. Bg5 h6 23. Bxf6 Bxf6 24. Qe3 Bd8 25. Nd2 Qc7 26. Qxd3 Bg5 27. Rc2 Bf4 28. Ndf1 Qd8 29. c4 bxc4 30. Rxc4 Bb5 31. Rxc8 Qxc8 32. Qb3 g6 33. a4 Bd7 34. Ne2 f5 35. exf5 Bxf5 36. g3 Bg5 37. h4 Be4 38. Nh2 Qf5 39. f3 Bc2 40. Qc3 Rc8 41. Qe1 Be3+ 42. Kg2 e4 43. f4 Qxd5 44. Nf1 Qd3 45. Nxe3 Qxe3 46. Qf2 Qd2 47. Nd4 e3 48. Qxd2 exd2 49. Nxc2 Rxc2 50. Rd1 Kf7 51. Kf2 Rb2 52. Ke3 Ke6 53. Rxd2 Rxb4 54. Rd4 Rb3+ 55. Kf2 h5 56. Rc4 Ra3 57. Rd4 a5 58. Kg2 d5 59. Kf2 Kd6 0-1

[Event "Dimitrovgrad Petrosian Memorial op"]
[Site "Dimitrovgrad"]
[Date "2011.06.26"]
[Round "6"]
[White "Kolosov, Anatoly G"]
[Black "Akimov, Gennadiy"]
[Result "1-0"]
[WhiteElo "1934"]
[BlackElo "1957"]
[PlyCount "83"]
[EventDate "2011.06.18"]
[EventType "swiss"]
[EventRounds "9"]
[EventCountry "RUS"]
[SourceTitle "EXT 2012"]
[Source "ChessBase"]
[SourceDate "2011.11.24"]
[SourceVersion "1"]
[SourceVersionDate "2011.11.24"]
[SourceQuality "1"]

1. e4 e5 2. Nf3 Nf6 3. d3 Nc6 4. Be2 Be7 5. 0-0 0-0 6. Nc3 d5 7. Bg5 d4 8. Bxf6 Bxf6 9. Nd5 Be6 10. Nxf6+ Qxf6 11. Qd2 h6 12. c4 Ne7 13. Kh1 Ng6 14. Ng1 Nf4 15. g3 Nh3 16. f4 Nxg1 17. Rxg1 Bd7 18. Raf1 Kh8 19. f5 Qg5 20. Qe1 b5 21. h4 Qe7 22. cxb5 Bxb5 23. g4 f6 24. Qd2 Rg8 25. Bd1 g5 26. Kg2 Rg7 27. Rh1 Rh7 28. hxg5 hxg5 29. Kg3 Rg8 30. a4 Be8 31. b4 Rgg7 32. Bb3 Bf7 33. Bc4 Bxc4 34. dxc4 c5 35. b5 Qb7 36. Kf3 Rd7 37. Qg2 d3 38. Rxh7+ Kxh7 39. Rh1+ Kg8 40. Qh3 Rg7 41. Qh8+ Kf7 42. Rh7 1-0

[Event "Dimitrovgrad Petrosian Memorial op"]
[Site "Dimitrovgrad"]
[Date "2011.06.19"]
[Round "2"]
[White "Kolosov, Anatoly G"]
[Black "Ulanov, Sergei"]
[Result "0-1"]
[WhiteElo "1934"]
[BlackElo "2143"]
[PlyCount "138"]
[EventDate "2011.06.18"]
[EventType "swiss"]
[EventRounds "9"]
[EventCountry "RUS"]
[SourceTitle "EXT 2012"]
[Source "ChessBase"]
[SourceDate "2011.11.24"]
[SourceVersion "1"]
[SourceVersionDate "2011.11.24"]
[SourceQuality "1"]

1. e4 c6 2. d4 d5 3. Nc3 dxe4 4. Nxe4 Nd7 5. Nf3 Ngf6 6. Nxf6+ Nxf6 7. Bg5 Qb6 8. b3 Ne4 9. Be2 Nxg5 10. Nxg5 Qa5+ 11. Qd2 Qxd2+ 12. Kxd2 Bf5 13. Bd3 Bxd3 14. Kxd3 e6 15. Rhe1 Be7 16. Ne4 0-0-0 17. f4 Rd7 18. c3 Rhd8 19. b4 b6 20. Kc4 Rd5 21. a4 Rh5 22. h3 Rh4 23. Rf1 f5 24. Ng3 Bd6 25. Ne2 Kd7 26. Rf3 Ke7 27. Raf1 Kf6 28. Ng1 Rg8 29. g3 Rh6 30. h4 Ke7 31. Nh3 Rf6 32. Re1 g6 33. Rfe3 h6 34. Kd3 Kd7 35. b5 c5 36. Ng1 cxd4 37. cxd4 g5 38. hxg5 hxg5 39. Nh3 gxf4 40. Nxf4 Bxf4 41. gxf4 Rg4 42. Rf3 Rh6 43. Kc4 Rhh4 44. Ref1 Kd6 45. R1f2 Rg7 46. Re3 Rc7+ 47. Kd3 Rc1 48. Rfe2 Rh6 49. Re5 Ra1 50. Rc2 Ra3+ 51. Kd2 Rh2+ 52. Kc1 Rxc2+ 53. Kxc2 Rxa4 54. Kd3 Ra3+ 55. Ke2 Rb3 56. d5 Rxb5 57. Rxe6+ Kxd5 58. Re7 Ra5 59. Kd3 Ra3+ 60. Kc2 Kd4 61. Kb2 Ra5 62. Kb3 a6 63. Re6 Rb5+ 64. Ka4 Kd5 65. Re8 Rc5 66. Kb3 a5 67. Re5+ Kd6 68. Re8 Rb5+ 69. Kc3 Rb4 0-1

[Event "Uljanovsk Povolje op"]
[Site "Uljanovsk"]
[Date "2010.11.23"]
[Round "7"]
[White "Seyfutdinov, Rustam"]
[Black "Kolosov, Anatoly G"]
[Result "0-1"]
[WhiteElo "1738"]
[BlackElo "1967"]
[PlyCount "86"]
[EventDate "2010.11.19"]
[EventType "swiss"]
[EventRounds "9"]
[EventCountry "RUS"]
[SourceTitle "CBM 139 Extra"]
[Source "ChessBase"]
[SourceDate "2011.01.05"]
[SourceVersion "1"]
[SourceVersionDate "2011.01.05"]
[SourceQuality "1"]

1. e4 Nf6 2. e5 Nd5 3. d4 d6 4. exd6 exd6 5. Nf3 Be7 6. Be2 0-0 7. 0-0 Nc6 8. c3 Bf5 9. Nbd2 Nf4 10. Re1 d5 11. Nf1 Nxe2+ 12. Rxe2 Bg4 13. Re1 f5 14. h3 Bh5 15. Ng3 Bg6 16. Bf4 h6 17. Ne5 Nxe5 18. Bxe5 f4 19. Nf1 Qd7 20. f3 Bh4 21. Re2 c6 22. Qd2 Rae8 23. b3 Qf5 24. Rd1 Qg5 25. Kh1 c5 26. Kh2 c4 27. bxc4 dxc4 28. Qb2 Bd3 29. Red2 Rf7 30. Qb5 Re6 31. Qc5 Rg6 32. Qxa7 Bg3+ 33. Kh1 Qh4 34. Rxd3 cxd3 35. Rxd3 Be1 36. d5 Qf2 37. Qxf2 Bxf2 38. d6 Rd7 39. Bxf4 Bc5 40. c4 Re6 41. Ne3 g5 42. Nf5 gxf4 43. Rd5 b6 0-1

[Event "Uljanovsk-ch"]
[Site "Uljanovsk"]
[Date "2010.03.28"]
[Round "9"]
[White "Kolosov, Anatoly G"]
[Black "Uryadov, Sergey S"]
[Result "0-1"]
[WhiteElo "1927"]
[BlackElo "1909"]
[PlyCount "100"]
[EventDate "2010.03.13"]
[EventType "swiss"]
[EventRounds "9"]
[EventCountry "RUS"]
[SourceTitle "EXT 2012"]
[Source "ChessBase"]
[SourceDate "2011.11.24"]
[SourceVersion "1"]
[SourceVersionDate "2011.11.24"]
[SourceQuality "1"]

1. e4 e6 2. d4 d5 3. exd5 exd5 4. Nf3 Nf6 5. Be2 Bd6 6. Ne5 Nbd7 7. Nxd7 Bxd7 8. Bg5 0-0 9. 0-0 Bf5 10. Nd2 Re8 11. Nf3 c6 12. c3 Re6 13. c4 h6 14. Bh4 Qe7 15. c5 Bxh2+ 16. Nxh2 Rxe2 17. Bxf6 gxf6 18. Re1 Re8 19. Rxe2 Qxe2 20. Qb3 Re7 21. Qg3+ Kh7 22. Qf4 Qe4 23. Qd6 Qe6 24. Qf4 Re8 25. Nf3 Be4 26. Re1 Rg8 27. Re3 Rg4 28. Qd6 Qf5 29. Ne1 Qg5 30. g3 Rh4 31. Ng2 Rh5 32. Qf4 Qg7 33. f3 Rf5 34. Qg4 Rg5 35. Qh3 Rxg3 36. Qxg3 Qxg3 37. fxe4 Qg4 38. exd5 Qxd4 39. dxc6 bxc6 40. Kh2 Qxc5 41. Rc3 Qb5 42. Rb3 Qe5+ 43. Kg1 f5 44. Ne3 h5 45. Kg2 Qe4+ 46. Kh2 f4 47. Ng2 f5 48. Rh3 f3 49. Ne1 Qe2+ 50. Kg3 f2 0-1